00311nam a2200133Ia 45000030006000000080041000060400015000471000021000622450020000832600041001033000006001445460010001500050017001600STCL150530s9999 xx 000 0 und d aSTCLcSTCL aGopalchaudka Dev aSarajaa Sivaaji bBharati Sahithya Mandir; Delhic1965 a0 aHindi20220125171222.0